Les missions les plus longues du réseau Transilien - Statistiques

Statistiques générales
  • Ce quiz a été pris 26 fois
  • Le résultat moyen est 8 sur 20
Statistiques - réponses
Ligne Période d'exploitation Code mission Durée de la mission Précisions Réponse % Correct
D LàD ROPO ; ROPE ; SOPA ; SOPE 113-115 min Omnibus ou ne s'arrête pas dans une gare. Creil Corbeil-Essonnes
63%
C LàV SARA ; DEBO 118 min Dourdan-la-Forêt Saint-Quentin-en-Yvelines
63%
C LàV NARA 141 min Dans un seul sens. Dourdan Pontoise
56%
E LàD TONU ; NOTU 65 min Omnibus Nanterre-la-Folie Tournan
56%
C LàV SARA ; ELBA 113-114 min Saint-Martin d'Etampes Saint Quentin en Yvelines
56%
D LàD FACA ; ZACO 90 min Goussainville Melun
50%
P LàD XIBU ; PIBU 83 min Long stationnement de 7-8 min qui rallonge le temps de trajet. Paris-Est Provins
50%
A W-E QYRO ; QYAN : QYLT ; UPIR ; UPUS ; UPAC 87 min Omnibus Marne-la-Vallée Cergy-le-Haut
44%
J LàD POCA ; GOCA 80-81 min Paris-Saint-Lazare Gisors
44%
C LàV MONA ; NORA 112 min Omnibus Pontoise Massy-Palaiseau
44%
N LàD DAPO : PADO 71 min Paris-Montparnasse Dreux
38%
C LàV SORO 112 min Dans un seul sens. Dourdan Saint-Quentin-en-Yvelines
31%
R LàD GAMO ; POMA 99-107 min Paris-Lyon Montargis
31%
J LàV POLO ; JOLE 91-97 min Long stationnement (parfois) de + de 10 min, allongeant le temps de trajet. Paris-Saint-Lazare Vernon-Giverny
31%
C LàV SLOM 111 min Dans un seul sens. Saint-Martin d'Etampes Saint Quentin en Yvelines
31%
B LàV PUMA 103 min Dans un seul sens; omnibus Aéroport Charles de Gaulle 2 Saint-Rémy-lès-Chevreuse
25%
C LàV NICO 112 min Dans un seul sens. Brétigny Pontoise
25%
B LàV IDOR ; PPIT 93 min Mitry-Claye Saint Rémy-lès-Chevreuse
25%
C LàV NAJA 105 min Dans un seul sens. Juvisy Pontoise
19%
C LàD MOPI ; POMI 76-85 min Omnibus Paris-Montparnasse Mantes-la-Jolie
19%
Aucun quiz correspondant
Distribution des résultats
% des personnes avec chaque résultat
Percentile par nombre de réponses
Votre historique - résultats
Vous n’avez pas pris ce quiz